Aseptic packaging of food /

Bibliographic Details
Other Authors: Reuter, H. (Helmut), 1925-
Format: Book
Language:English
Published: Lancaster, Pa., U.S.A. : Technomic Pub., [1989]
Subjects:

MARC

Tag First Indicator Second Indicator Subfields
LEADER 00000cam a2200000 a 4500
001 in00000909192
005 20150924163257.0
008 891216s1989 paua b 10000 eng
010 |a  89050658  
020 |a 0877626944 
035 |a (OCoLC)20824774 
035 |9 AEP6861AM 
040 |a DLC  |c DLC  |d TXA  |d UtOrBLW 
049 |a TXAM  |c [A12982150] 
050 0 0 |a TP371.2  |b .A84 1989 
082 0 0 |a 664/.092  |2 20 
245 0 0 |a Aseptic packaging of food /  |c editor, H. Reuter. 
264 1 |a Lancaster, Pa., U.S.A. :  |b Technomic Pub.,  |c [1989] 
264 4 |c ©1989 
300 |a xvi, 269 pages :  |b illustrations ;  |c 23 cm. 
336 |a text  |b txt  |2 rdacontent 
337 |a unmediated  |b n  |2 rdamedia 
338 |a volume  |b nc  |2 rdacarrier 
500 |a Includes papers from a 1985 symposium organized by Behr's Seminare. 
500 |a Title of first edition: Aseptisches verplacken von Lebensmitteln. 
504 |a Includes bibliographical references. 
650 0 |a Food  |x Preservation  |v Congresses. 
650 0 |a Food  |x Packaging  |x Congresses. 
700 1 |a Reuter, H.  |q (Helmut),  |d 1925- 
999 |a MARS 
999 f f |s 20fa95d7-f777-38d0-8f93-bd99c0c816d4  |i 1f545ae9-7269-338a-8ae2-422258290a82  |t 0 
952 f f |p ric  |a Texas A&M University  |b Rellis Campus  |c Joint Library Facility  |d Remote Storage  |t 0  |e TP371.2 .A84 1989  |h Library of Congress classification  |i unmediated -- volume  |m A14812982150 
998 f f |a TP371.2 .A84 1989  |t 0  |l Remote Storage